000 01147cam a2200289 a 4500
003 EG-GiCUC
005 20250223030627.0
008 120527s2002 ua do f m 000 0 eng d
040 _aEG-GiCUC
_beng
_cEG-GiCUC
041 0 _aeng
049 _aGift
097 _aM.Sc
099 _aCai01.34.M.Sc.2002.We.E
100 0 _aWed Abdellatif Ibrahim Abdou
245 1 0 _aEnvironmental studies on Wadi Elrayan , Elfayoum Governorate /
_cWed Abdellatif Ibrahim Abdou ; Supervised Mamdouh Salem Serag , Mohamed Abdelgalil Ahmed
246 1 5 _aدراسات بيئية على وادى الريان : محافظة الفيوم
260 _aDamietta :
_bWed Abdellatif Ibrahim Abdou ,
_c2002
300 _a174Leaves :
_bcharst , photographs ;
_c30cm
500 _aGift from Prof. Kamal Hassan Batanouny
502 _aThesis (M.Sc.) - Mansoura University - Faculty of Science - Department of Environmental Sciences
700 0 _aMamdouh Salem Serag ,
_eSupervisor
700 0 _aMohamed Abdelgalil Ahmed ,
_eSupervisor
856 _uhttp://172.23.153.220/th.pdf
905 _aFatma
_eCataloger
905 _aNazla
_eRevisor
942 _2ddc
_cTH
999 _c38662
_d38662